000
00292nam a22000977a 4500
005
20250901165546.0
008
210907b |||||||| |||| 00| 0 eng d
050
_a
HM51 .A53 1969
245
_a
The uses of comparative sociology
_c
Andreski, Stanislav
942
_2
lcc
_h
HM51 .A53 1969
999
_c
5851
_d
5851